Biología molecular de la célula
Saved in:
| Main Authors: | , |
|---|---|
| Andre forfattere: | , , , |
| Format: | Bog |
| Sprog: | spansk |
| Udgivet: |
Barcelona, España
Omega
1996
|
| Udgivelse: | Tercera edición |
| Fag: | |
| Tags: |
Tilføj Tag
Ingen Tags, Vær først til at tagge denne postø!
|
MARC
| LEADER | 00000nam a2200000 a 4500 | ||
|---|---|---|---|
| 001 | UCR0038 | ||
| 003 | CL-VaPUC | ||
| 005 | 20241023145543.0 | ||
| 008 | 971129e19960000SP |||||||||||||||||spa|d | ||
| 999 | |c 263696 |d 263694 | ||
| 020 | |a 842821011X | ||
| 040 | |c Pontificia Universidad Católica de Valparaíso | ||
| 082 | 0 | 4 | |a 571.6 ALB 1996 |2 21 |
| 100 | 0 | |a Alberts, Bruce |9 60 | |
| 245 | 1 | 0 | |a Biología molecular de la célula |
| 250 | |a Tercera edición | ||
| 260 | 0 | 3 | |a Barcelona, España |b Omega |c 1996 |
| 300 | |a 1387 páginas | ||
| 583 | |a last modification |c 20180517 09:49:26 |k Rodrigo Vera | ||
| 650 | 0 | |a Biología molecular |9 269677 | |
| 650 | 0 | |a Citogenética |9 269678 | |
| 650 | 0 | |a Citología |9 261432 | |
| 650 | 0 | |a Bioquímica |9 259492 | |
| 650 | 0 | |a Células |9 269548 | |
| 650 | 0 | |a Moléculas |9 259584 | |
| 650 | 0 | |a Genética molecular |9 269770 | |
| 650 | 7 | |a MACROMOLECULAS |2 CL-VaPUC |9 313728 | |
| 650 | 0 | |a Herencia |9 256325 | |
| 650 | 0 | |a Genes |9 330314 | |
| 700 | 0 | |a Bray, Dennis |9 395363 | |
| 700 | |a Lewis, Julian |e author |9 599840 | ||
| 700 | 0 | |a Raff, Martin |9 395365 | |
| 700 | 0 | |a Roberts, Keith |9 395366 | |
| 700 | 0 | |a Watson, James D |9 395367 | |
| 942 | |c BK |2 ddc | ||
| 945 | |d 19971129 00:00:00 |a jquezada | ||
| 952 | |0 0 |1 0 |2 ddc |4 0 |6 571_600000000000000_ALB_1996 |7 0 |8 A |9 293077 |a BIBING |b BIBING |d 2019-11-19 |i 337601K |o 571.6 ALB 1996 |p 337601K |r 2025-01-20 |t 23 |w 2019-11-19 |y BK |k EIB | ||
| 952 | |0 0 |1 0 |2 ddc |4 0 |6 571_600000000000000_ALB_1996 |7 0 |8 A |9 293081 |a BIBCUR |b BIBCUR |d 2019-11-19 |i 3583589 |l 2 |o 571.6 ALB 1996 |p 3583589 |r 2025-04-22 |s 2023-03-24 |t 4 |w 2019-11-19 |y BK |k BCB | ||
| 952 | |0 0 |1 0 |2 ddc |4 0 |6 571_600000000000000_ALB_1996 |7 0 |8 A |9 293082 |a BIBCUR |b BIBCUR |c PAC |d 2019-11-19 |i 3583597 |o 571.6 ALB 1996 |p 3583597 |r 2025-04-22 |t 5 |w 2019-11-19 |y BK |k BCB | ||
| 952 | |0 0 |1 0 |2 ddc |4 0 |6 571_600000000000000_ALB_1996 |7 0 |8 A |9 293085 |a BIBCUR |b BIBCUR |d 2019-11-19 |i 3583627 |o 571.6 ALB 1996 |p 3583627 |r 2025-04-22 |t 8 |w 2019-11-19 |y BK |k BCB | ||
| 952 | |0 0 |1 0 |2 ddc |4 0 |6 571_600000000000000_ALB_1996 |7 0 |8 A |9 293086 |a BIBALI |b BIBALI |c RES |d 2019-11-19 |i 3592480 |o 571.6 ALB 1996 |p 3592480 |r 2025-01-20 |t 24 |w 2019-11-19 |y BK_R |k ALI | ||
| 952 | |0 0 |1 0 |2 ddc |4 0 |6 571_600000000000000_ALB_1996 |7 0 |8 A |9 293087 |a BIBALI |b BIBALI |c RES |d 2019-11-19 |i 3592499 |o 571.6 ALB 1996 |p 3592499 |r 2025-01-20 |t 25 |w 2019-11-19 |y BK_R |k ALI | ||
| 952 | |0 0 |1 0 |2 ddc |4 0 |6 571_600000000000000_ALB_1996 |7 0 |8 A |9 293088 |a BIBCUR |b BIBCUR |d 2019-11-19 |i 3692450 |l 3 |o 571.6 ALB 1996 |p 3692450 |r 2025-04-22 |s 2024-09-10 |t 9 |w 2019-11-19 |y BK |k BCB | ||
| 952 | |0 0 |1 0 |2 ddc |4 0 |6 571_600000000000000_ALB_1996 |7 0 |8 A |9 293089 |a BIBCUR |b BIBCUR |d 2019-11-19 |i 3692507 |o 571.6 ALB 1996 |p 3692507 |r 2025-04-22 |t 10 |w 2019-11-19 |y BK |k BCB | ||
| 952 | |0 0 |1 0 |2 ddc |4 0 |6 571_600000000000000_ALB_1996 |7 0 |8 A |9 293094 |a BIBCUR |b BIBCUR |d 2019-11-19 |i 4001087 |l 4 |o 571.6 ALB 1996 |p 4001087 |r 2025-04-22 |s 2024-05-14 |t 15 |w 2019-11-19 |y BK |k BCB | ||
| 952 | |0 0 |1 0 |2 ddc |4 0 |6 571_600000000000000_ALB_1996 |7 0 |8 A |9 293095 |a BIBCUR |b BIBCUR |d 2019-11-19 |i 4001095 |l 1 |o 571.6 ALB 1996 |p 4001095 |r 2025-04-22 |s 2022-05-25 |t 16 |w 2019-11-19 |y BK |k BCB | ||
| 952 | |0 0 |1 0 |2 ddc |4 0 |6 571_600000000000000_ALB_1996 |7 0 |8 A |9 293098 |a BIBCUR |b BIBCUR |d 2019-11-19 |i 4001133 |o 571.6 ALB 1996 |p 4001133 |r 2025-04-22 |t 19 |w 2019-11-19 |y BK |k BCB | ||
| 952 | |0 0 |1 0 |2 ddc |4 0 |6 571_600000000000000_ALB_1996 |7 0 |8 A |9 293099 |a BIBCUR |b BIBCUR |d 2019-11-19 |i 4001141 |l 1 |o 571.6 ALB 1996 |p 4001141 |r 2025-04-22 |s 2025-03-28 |t 20 |w 2019-11-19 |y BK |k BCB | ||
| 952 | |0 0 |1 0 |2 ddc |4 0 |6 571_600000000000000_ALB_1996 |7 0 |8 A |9 293100 |a BIBCUR |b BIBCUR |d 2019-11-19 |i 4001168 |l 2 |o 571.6 ALB 1996 |p 4001168 |r 2025-04-22 |s 2023-03-13 |t 21 |w 2019-11-19 |y BK |k BCB | ||